Sociology / (Record no. 192770)

MARC details
000 -LEADER
fixed length control field 00833cam a2200265 i 4500
003 - CONTROL NUMBER IDENTIFIER
control field MY-SjTCS
005 - DATE AND TIME OF LATEST TRANSACTION
control field 20251209135233.0
008 - FIXED-LENGTH DATA ELEMENTS--GENERAL INFORMATION
fixed length control field 171107t20242024njuab b 001 0 eng d
020 ## - INTERNATIONAL STANDARD BOOK NUMBER
International Standard Book Number 9780137870356
Qualifying information paperback
020 ## - INTERNATIONAL STANDARD BOOK NUMBER
International Standard Book Number 0137870353
Qualifying information paperback
040 ## - CATALOGING SOURCE
Original cataloging agency MY-SjTCS
Language of cataloging eng
Transcribing agency MY-SjTCS
Description conventions rda
082 04 - DEWEY DECIMAL CLASSIFICATION NUMBER
Classification number 301
Item number MAC 2024
100 1# - MAIN ENTRY--PERSONAL NAME
Personal name Macionis, John J.,
Relator term author.
9 (RLIN) 1287
245 10 - TITLE STATEMENT
Title Sociology /
Statement of responsibility, etc. John J. Macionis.
250 ## - EDITION STATEMENT
Edition statement Eighteenth edition.
264 #1 - PRODUCTION, PUBLICATION, DISTRIBUTION, MANUFACTURE, AND COPYRIGHT NOTICE
Place of production, publication, distribution, manufacture Hoboken, NJ :
Name of producer, publisher, distributor, manufacturer Pearson,
Date of production, publication, distribution, manufacture, or copyright notice [2024]
264 #4 - PRODUCTION, PUBLICATION, DISTRIBUTION, MANUFACTURE, AND COPYRIGHT NOTICE
Date of production, publication, distribution, manufacture, or copyright notice ©2024
300 ## - PHYSICAL DESCRIPTION
Extent xxxvii, 788 pages :
Other physical details colour illustrations, colour maps ;
Dimensions 28 cm
336 ## - CONTENT TYPE
Content type term text
Source rdacontent
337 ## - MEDIA TYPE
Media type term unmediated
Source rdamedia
338 ## - CARRIER TYPE
Carrier type term volume
Source rdacarrier
504 ## - BIBLIOGRAPHY, ETC. NOTE
Bibliography, etc. note Includes bibliographical references and indexes.
650 #0 - SUBJECT ADDED ENTRY--TOPICAL TERM
Topical term or geographic name entry element Sociology.
9 (RLIN) 200381
920 ## - Programme
Programme SLAS : 339311
Holdings
Withdrawn status Lost status Source of classification or shelving scheme Damaged status Not for loan Home library Current library Date acquired Source of acquisition Cost, normal purchase price Inventory number Total Checkouts Barcode Date last seen Cost, replacement price Price effective from Koha item type Public note
    Dewey Decimal Classification     Taylor's Library-TU Taylor's Library-TU 21/11/2025 235 897.64 TU700001840   5000176396 21/11/2025 897.64 21/11/2025 Reserve Collection SLASx,05007,03,RM